000 00566cam a2200133 4500500
005 20260201003747.0
041 _afre
042 _adc
100 1 0 _aAbensour, Miguel
_eauthor
245 0 0 _aCritique de la politique
260 _bKlincksieck,
_c2025.
520 _aCe volume rassemble les 105 quatrièmes de couverture que Miguel Abensour a écrites ou co-écrites pour les livres qu’il a publiés dans sa collection de 1974 à 2017.
856 4 1 _uhttps://shs.cairn.info/critique-de-la-politique--9782252047972?lang=fr&redirect-ssocas=7080
999 _c1638774
_d1638774